000 00701cab a2200217 4500
001 WB3123-08
008 090401t1995 xxu||||| |||| 00| 0 eng d
035 _a(Sirsi) u2891
041 _aeng
245 _aDesign to limit blast effects
260 _c1995
350 _a0
490 _aNew Builder
_v(261) 9 June 1995, 6(1)
520 _aDesigners should still have regard to the threat of terrorist attack. "Blast effects on buildings - design of buildings to optimise resistance to blast loading" ICE.
650 _aBOMBING
650 _aBUILT ENVIRONMENT-CONSTRUCTION DESIGN
650 _aTERRORISM
690 _aBUILT ENVIRONMENT-CONSTRUCTION DESIGN
942 _n0
948 _c04/03/1997
999 _c1740
_d1740